Top 15 des pays avec les décès de Covid-19 - 17 juin - Statistiques

Statistiques générales
  • Ce quiz a été pris 33 fois
  • Le résultat moyen est 15 sur 20
Statistiques - réponses
pays % Correct
France
100%
Espagne
97%
Etats-Unis
97%
Italie
97%
Allemagne
90%
Royaume-Uni
87%
Brésil
84%
Mexique
84%
Canada
81%
Belgique
77%
Russie
77%
Inde
74%
Suisse
74%
Suède
65%
Irlande
55%
Pays-Bas
48%
Chili
45%
Pérou
45%
Iran
39%
Équateur
35%
Aucun quiz correspondant
Distribution des résultats
% des personnes avec chaque résultat
Percentile par nombre de réponses
Votre historique - résultats
Vous n’avez pas pris ce quiz